[Event "Asuncion CIT op"]
[Site "Asuncion"]
[Date "2023.08.15"]
[Round "6"]
[White "Lugo, Manuel"]
[Black "Ruiz Espinola, Larissa Aleli"]
[Result "1/2-1/2"]
[WhiteElo "1581"]
[BlackElo "1198"]
[PlyCount "74"]
[EventDate "2023.08.12"]
[EventType "swiss"]
[EventRounds "9"]
[EventCountry "PAR"]
[SourceTitle "CBM 215 Extra"]
[Source "ChessBase"]
[SourceDate "2023.09.30"]
[SourceVersion "1"]
[SourceVersionDate "2023.09.30"]
[SourceQuality "1"]

1. e4 d5 2. exd5 Nf6 3. d4 Nxd5 4. c4 Nf6 5. Nc3 Bf5 6. Nf3 e6 7. Qb3 b6 8. h3 Be7 9. Be3 Nc6 10. Rd1 a6 11. d5 Na5 12. Qa4+ Kf8 13. dxe6 Qc8 14. Nd4 Bxe6 15. Nxe6+ Qxe6 16. Nd5 Nxd5 17. cxd5 Qe5 18. b4 Qc3+ 19. Bd2 Qd4 20. Qc2 Bxb4 21. Qxc7 Bxd2+ 22. Rxd2 Qb4 23. Kd1 Qb1+ 24. Qc1 Qxc1+ 25. Kxc1 Rc8+ 26. Rc2 Rxc2+ 27. Kxc2 b5 28. a4 bxa4 29. Bxa6 Ke7 30. Ra1 Rd8 31. Rd1 Rb8 32. Be2 Kd6 33. Ra1 Rb4 34. Kc3 Rb3+ 35. Kc2 Rb4 36. Kc3 Rb3+ 37. Kc2 Rb4 1/2-1/2

[Event "Asuncion Avanza Cup"]
[Site "Asuncion"]
[Date "2018.12.08"]
[Round "3"]
[White "Lugo, Manuel"]
[Black "Paez, Rolando"]
[Result "0-1"]
[WhiteElo "1625"]
[BlackElo "1468"]
[PlyCount "76"]
[EventDate "2018.12.07"]
[EventType "swiss"]
[EventRounds "7"]
[EventCountry "PAR"]
[SourceTitle "CBM 187 Extra"]
[Source "ChessBase"]
[SourceDate "2018.11.04"]
[SourceVersion "1"]
[SourceVersionDate "2018.11.04"]
[SourceQuality "1"]

1. e4 c5 2. Nf3 d6 3. Bb5+ Bd7 4. Bxd7+ Qxd7 5. c4 Nf6 6. Nc3 e6 7. 0-0 Be7 8. b3 Nc6 9. d4 cxd4 10. Nxd4 0-0 11. Bb2 a6 12. Qd2 Nxd4 13. Qxd4 e5 14. Qd3 Bd8 15. Rfd1 Bc7 16. Nd5 Nxd5 17. Qxd5 Qc6 18. Rd2 Qxd5 19. Rxd5 f5 20. exf5 Rxf5 21. Ba3 Raf8 22. f3 Bb6+ 23. Kh1 Bd4 24. Re1 Rd8 25. Rxd6 Rxd6 26. Bxd6 Kf7 27. h3 Ke6 28. Ba3 Kd7 29. Re2 Kc6 30. Bb2 Kc5 31. Bxd4+ exd4 32. Kg1 d3 33. Rd2 Kd4 34. Kf2 Re5 35. Rd1 Kc3 36. Rc1+ Kb2 37. Rd1 Kc2 38. f4 Re2+ 0-1

[Event "Asuncion Bobby Fischer U2000"]
[Site "Asuncion"]
[Date "2018.02.17"]
[Round "4.9"]
[White "Lugo, Manuel"]
[Black "Gadea Moreira, Juan Domingo"]
[Result "1-0"]
[WhiteElo "1601"]
[BlackElo "1442"]
[PlyCount "57"]
[EventDate "2018.02.15"]
[EventType "swiss"]
[EventRounds "7"]
[EventCountry "PAR"]
[SourceTitle "EXT 2023"]
[Source "ChessBase"]
[SourceDate "2022.10.05"]
[SourceVersion "1"]
[SourceVersionDate "2022.10.05"]
[SourceQuality "1"]

1. e4 e5 2. Nf3 Nc6 3. Bc4 Nf6 4. d3 h6 5. c3 Bc5 6. d4 exd4 7. e5 Qe7 8. 0-0 Nxe5 9. Nxe5 Qxe5 10. Re1 Ne4 11. Qf3 d5 12. Bxd5 Qxd5 13. Rxe4+ Be6 14. cxd4 Bxd4 15. Nc3 Bxc3 16. bxc3 0-0 17. c4 Qc6 18. Bb2 Rad8 19. Rae1 Rfe8 20. Qg3 g6 21. Qe5 Kf8 22. Qg7+ Ke7 23. Rxe6+ Qxe6 24. Rxe6+ Kxe6 25. g3 Rd7 26. Bc3 Rd3 27. Qe5+ Kd7 28. Qb5+ Kd8 29. Bf6+ 1-0

[Event "Asuncion Clasificatorio op 6th"]
[Site "Asuncion"]
[Date "2016.10.02"]
[Round "5.8"]
[White "Lugo, Manuel"]
[Black "Ocampos, Martin Carlos"]
[Result "0-1"]
[WhiteElo "1578"]
[BlackElo "1787"]
[PlyCount "48"]
[EventDate "2016.09.30"]
[EventType "swiss"]
[EventRounds "7"]
[EventCountry "PAR"]
[SourceTitle "EXT 2023"]
[Source "ChessBase"]
[SourceDate "2022.10.05"]
[SourceVersion "1"]
[SourceVersionDate "2022.10.05"]
[SourceQuality "1"]

1. e4 e5 2. Nf3 Nc6 3. d4 exd4 4. Nxd4 Nf6 5. Nxc6 bxc6 6. e5 Qe7 7. Qe2 Nd5 8. c4 Qb4+ 9. Qd2 Nb6 10. a3 Qc5 11. Qe3 Qxe3+ 12. Bxe3 d5 13. Nd2 Be7 14. f4 0-0 15. b3 f6 16. Nf3 Bg4 17. Nd4 fxe5 18. Nxc6 Bh4+ 19. g3 exf4 20. Bxb6 fxg3 21. Bg2 Rad8 22. Kd2 Rf2+ 23. Kd3 dxc4+ 24. Kxc4 axb6 0-1

[Event "Asuncion Clasificatorio op 6th"]
[Site "Asuncion"]
[Date "2016.09.30"]
[Round "1.3"]
[White "Lugo, Manuel"]
[Black "Cantero, Rodolfo"]
[Result "0-1"]
[WhiteElo "1578"]
[BlackElo "1995"]
[PlyCount "62"]
[EventDate "2016.09.30"]
[EventType "swiss"]
[EventRounds "7"]
[EventCountry "PAR"]
[SourceTitle "EXT 2023"]
[Source "ChessBase"]
[SourceDate "2022.10.05"]
[SourceVersion "1"]
[SourceVersionDate "2022.10.05"]
[SourceQuality "1"]

1. e4 c5 2. Nf3 d6 3. Bb5+ Bd7 4. Bxd7+ Nxd7 5. 0-0 Ngf6 6. Qe2 g6 7. Rd1 Bg7 8. c3 0-0 9. d4 Qa5 10. e5 Nd5 11. e6 N7b6 12. Ng5 f6 13. Nf7 cxd4 14. cxd4 Rfc8 15. a3 Qa4 16. Qf3 Qc2 17. Nd2 Nf4 18. Re1 Nbd5 19. Nb3 Nd3 20. Rd1 N5f4 21. Bxf4 Nxf4 22. Rd2 Qf5 23. d5 g5 24. g4 Qg6 25. Nd4 Rc5 26. Nf5 Kf8 27. Re1 Rac8 28. N5xd6 exd6 29. Nxd6 Rc1 30. e7+ Kg8 31. e8Q+ Qxe8 0-1

[Event "Benigno Rivarola Memorial"]
[Site "Asuncion"]
[Date "2016.02.24"]
[Round "8.2"]
[White "Cantero, Rodolfo"]
[Black "Lugo, Manuel"]
[Result "1-0"]
[WhiteElo "1856"]
[BlackElo "1664"]
[PlyCount "53"]
[EventDate "2016.02.20"]
[EventType "tourn"]
[EventRounds "9"]
[EventCountry "PAR"]
[SourceTitle "EXT 2023"]
[Source "ChessBase"]
[SourceDate "2022.10.05"]
[SourceVersion "1"]
[SourceVersionDate "2022.10.05"]
[SourceQuality "1"]

1. Nf3 g6 2. e4 Bg7 3. d4 d6 4. Nc3 a6 5. a4 Bg4 6. Be3 Nd7 7. h3 Bxf3 8. Qxf3 c5 9. Bc4 e6 10. Rd1 Qc7 11. Ba2 Ne7 12. 0-0 0-0 13. Qg3 Rac8 14. dxc5 dxc5 15. Qd6 Nb8 16. Bf4 e5 17. Bg5 Qxd6 18. Rxd6 Nec6 19. Nd5 h6 20. Be3 Rfe8 21. Bxc5 Kh8 22. Nb6 Rc7 23. Rd2 Nd4 24. Ba3 Rxc2 25. Rxc2 Nxc2 26. Bxf7 Rd8 27. Be7 1-0

[Event "Benigno Rivarola Memorial"]
[Site "Asuncion"]
[Date "2016.02.20"]
[Round "3.4"]
[White "De la Vega, Ricardo"]
[Black "Lugo, Manuel"]
[Result "0-1"]
[WhiteElo "1441"]
[BlackElo "1664"]
[PlyCount "80"]
[EventDate "2016.02.20"]
[EventType "tourn"]
[EventRounds "9"]
[EventCountry "PAR"]
[SourceTitle "EXT 2023"]
[Source "ChessBase"]
[SourceDate "2022.10.05"]
[SourceVersion "1"]
[SourceVersionDate "2022.10.05"]
[SourceQuality "1"]

1. e4 e6 2. d4 d5 3. Nc3 Nf6 4. Bg5 Be7 5. e5 Nfd7 6. Bxe7 Qxe7 7. Nf3 a6 8. Bd3 c5 9. dxc5 Nc6 10. Qe2 Qxc5 11. 0-0 b5 12. a3 Bb7 13. Rae1 Nd4 14. Nxd4 Qxd4 15. Kh1 Qf4 16. b4 0-0 17. Nb1 Rae8 18. Nd2 Nb6 19. Kg1 Na4 20. g3 Qh6 21. f4 Nb2 22. Nb3 Nxd3 23. Qxd3 f5 24. Nc5 Re7 25. a4 bxa4 26. Nxa4 Rc7 27. Nc5 Rfc8 28. Ra1 Qh3 29. Rf2 Qh6 30. Nxa6 Rc3 31. Qd1 d4 32. Nc5 Rxg3+ 33. Kf1 Qh3+ 34. Ke1 Re3+ 35. Kd2 Rxe5 36. Re2 Qc3+ 37. Kc1 Qxa1+ 38. Kd2 Qxd1+ 39. Kxd1 Rexc5 40. bxc5 Bf3 0-1

[Event "Asuncion Clasificatorio op 4th"]
[Site "Asuncion"]
[Date "2015.08.16"]
[Round "5.20"]
[White "Lugo, Manuel"]
[Black "Gomez Dacak, Franklin Paul"]
[Result "0-1"]
[WhiteElo "1626"]
[BlackElo "1671"]
[PlyCount "25"]
[EventDate "2015.08.14"]
[EventType "swiss"]
[EventRounds "7"]
[EventCountry "PAR"]
[SourceTitle "EXT 2023"]
[Source "ChessBase"]
[SourceDate "2022.10.05"]
[SourceVersion "1"]
[SourceVersionDate "2022.10.05"]
[SourceQuality "1"]

1. c4 c5 2. g3 g6 3. Bg2 Bg7 4. Nc3 Nc6 5. d3 d6 6. e4 e5 7. Nge2 Nge7 8. 0-0 0-0 9. a3 a5 10. Rb1 Be6 11. Nd5 h6 12. Nec3 Nd4 13. b4 0-1

[Event "Asuncion Clasificatorio op 3rd"]
[Site "Asuncion"]
[Date "2015.07.18"]
[Round "2.7"]
[White "Lugo, Manuel"]
[Black "Aguero Centurion, Abel Alejandro"]
[Result "0-1"]
[WhiteElo "1626"]
[BlackElo "1791"]
[PlyCount "60"]
[EventDate "2015.07.17"]
[EventType "swiss"]
[EventRounds "7"]
[EventCountry "PAR"]
[SourceTitle "EXT 2023"]
[Source "ChessBase"]
[SourceDate "2022.10.05"]
[SourceVersion "1"]
[SourceVersionDate "2022.10.05"]
[SourceQuality "1"]

1. e4 c6 2. Nc3 d5 3. Nf3 Bg4 4. h3 Bxf3 5. Qxf3 e6 6. exd5 cxd5 7. Bb5+ Nd7 8. d3 a6 9. Ba4 Bb4 10. Bd2 Ngf6 11. a3 Bd6 12. 0-0 0-0 13. Bg5 h6 14. Bh4 b5 15. Bb3 Be5 16. Rad1 Bxc3 17. bxc3 Qc7 18. c4 bxc4 19. dxc4 dxc4 20. Ba4 Nd5 21. Bg3 Qc8 22. c3 Nc5 23. Bc2 Qd8 24. Rd4 Qd7 25. Rxc4 Qb5 26. Rg4 f5 27. Rh4 Qb2 28. c4 f4 29. Bxf4 Nxf4 30. Rxf4 Qxc2 0-1

[Event "Asuncion Mayor op 2nd"]
[Site "Asuncion"]
[Date "2015.06.12"]
[Round "3"]
[White "Lugo, Manuel"]
[Black "Saucedo, Moises"]
[Result "0-1"]
[WhiteElo "1629"]
[BlackElo "1698"]
[PlyCount "36"]
[EventDate "2015.06.12"]
[EventType "swiss"]
[EventRounds "7"]
[EventCountry "PAR"]
[SourceTitle "EXT 2017"]
[Source "ChessBase"]
[SourceDate "2016.10.25"]
[SourceVersion "1"]
[SourceVersionDate "2016.10.25"]
[SourceQuality "1"]

1. d4 c5 2. Nf3 cxd4 3. Nxd4 Nc6 4. e4 g6 5. Nc3 Bg7 6. Be3 Nf6 7. f3 0-0 8. Bc4 Qb6 9. Kf2 Qxb2 10. Qd2 Qb4 11. Nxc6 dxc6 12. Qd3 b5 13. Bb3 Ng4+ 14. fxg4 Qxc3 15. Qe2 a5 16. a4 Ba6 17. Bd2 Bd4+ 18. Be3 bxa4 0-1

[Event "Asuncion IRT op "]
[Site "Asuncion"]
[Date "2015.03.01"]
[Round "8"]
[White "Morales, Ever"]
[Black "Lugo, Manuel"]
[Result "1-0"]
[WhiteElo "1980"]
[BlackElo "1636"]
[PlyCount "75"]
[EventDate "2015.02.20"]
[EventType "swiss"]
[EventRounds "9"]
[EventCountry "PAR"]
[SourceTitle "EXT 2017"]
[Source "ChessBase"]
[SourceDate "2016.10.25"]
[SourceVersion "1"]
[SourceVersionDate "2016.10.25"]
[SourceQuality "1"]

1. e4 e6 2. d3 d5 3. Nd2 Nc6 4. g3 Nf6 5. Bg2 e5 6. exd5 Nxd5 7. Ngf3 Bg4 8. 0-0 Qd7 9. Qe1 f6 10. Nc4 0-0-0 11. a3 Bh3 12. b4 Bxg2 13. Kxg2 Nd4 14. Nxd4 exd4 15. Bb2 h5 16. Qe4 h4 17. Rae1 hxg3 18. hxg3 Qh3+ 19. Kf3 Qh5+ 20. Qg4+ Qxg4+ 21. Kxg4 c5 22. b5 Nb6 23. Nd2 Kd7 24. Nf3 Bd6 25. Nh4 Nd5 26. Re2 Bc7 27. Kf3 Ba5 28. Bc1 Nc3 29. Ree1 Rhe8 30. Bd2 Kc7 31. Nf5 g6 32. Ng7 Rxe1 33. Rxe1 Kb6 34. Re6+ Kxb5 35. Rxf6 Nd5 36. Bxa5 Nxf6 37. Bxd8 Nd5 38. Ne6 1-0

[Event "Asuncion IRT op "]
[Site "Asuncion"]
[Date "2015.02.21"]
[Round "3"]
[White "Lugo, Manuel"]
[Black "Aguero Centurion, Abel Alejandro"]
[Result "0-1"]
[WhiteElo "1636"]
[BlackElo "1766"]
[PlyCount "116"]
[EventDate "2015.02.20"]
[EventType "swiss"]
[EventRounds "9"]
[EventCountry "PAR"]
[SourceTitle "EXT 2017"]
[Source "ChessBase"]
[SourceDate "2016.10.25"]
[SourceVersion "1"]
[SourceVersionDate "2016.10.25"]
[SourceQuality "1"]

1. e4 c6 2. Nf3 d5 3. Nc3 dxe4 4. Nxe4 Bf5 5. Ng3 Bg6 6. Ne5 Nd7 7. Nxg6 hxg6 8. d4 Ngf6 9. Bd3 e6 10. h3 Bd6 11. Ne4 Nxe4 12. Bxe4 Qh4 13. Qf3 Nf6 14. Bd3 Qxd4 15. c3 Qd5 16. Qxd5 Nxd5 17. g3 0-0-0 18. Be4 Be5 19. Bd2 Nb6 20. h4 Nc4 21. 0-0-0 Bf6 22. f4 Nd6 23. Bc2 Nf5 24. Bxf5 gxf5 25. Be3 Rxd1+ 26. Rxd1 b6 27. Kc2 Re8 28. Bd4 Bxd4 29. cxd4 g6 30. b4 Rd8 31. Rd3 Rd5 32. Kc3 a5 33. a3 Kb7 34. Rd2 Ka6 35. h5 gxh5 36. Rh2 Kb5 37. Rxh5 Ka4 38. Rh1 Rd8 39. bxa5 Kxa5 40. Rg1 Rg8 41. Kc4 Ka4 42. Rb1 Ka5 43. Rg1 Rh8 44. a4 Rh2 45. g4 fxg4 46. Rxg4 Kxa4 47. Rg7 b5+ 48. Kc5 Rc2+ 49. Kd6 b4 50. Rxf7 b3 51. Ra7+ Kb4 52. Kxe6 b2 53. Kd6 Kc3 54. Rb7 Kxd4 55. f5 Kc3 56. Kxc6 Rf2 57. Kd5 Rxf5+ 58. Ke4 Rc5 0-1